| 000 | 00370nam a22001577a 4500 | ||
|---|---|---|---|
| 003 | SGT | ||
| 082 |
_a611 _bT14V |
||
| 100 | _aVASUDEVA, NEELAM | ||
| 245 | _aINDRABIR SINGH;S TEXT BOOK OF HUMAN HISTOLOGY | ||
| 250 | _a7TH | ||
| 260 |
_aAHUJA PUB _bHEALTH SCIENCE _c2014 |
||
| 300 | _a439 | ||
| 650 | _aHUMAN HISTOLOGY | ||
| 653 | _aHUMAN,HISTOLOGY | ||
| 942 |
_2ddc _cBK _012 |
||
| 999 |
_c8328 _d8328 |
||